| 000 | 00540cam a2200145 4500500 | ||
|---|---|---|---|
| 005 | 20251012021648.0 | ||
| 041 | _afre | ||
| 042 | _adc | ||
| 100 | 1 | 0 |
_aBureau, Étienne _eauthor |
| 245 | 0 | 0 | _aLaurent Stalla-Bourdillon La mort n’est pas ce que vous croyez La joie d’espérer. Desclée de Brouwer, 2024, 260 pages, 16,90 €. |
| 260 | _c2025. | ||
| 500 | _a84 | ||
| 786 | 0 | _nÉtudes | Jui | 6 | 2025-05-21 | p. 141-141 | 0014-1941 | |
| 856 | 4 | 1 | _uhttps://shs.cairn.info/revue-etudes-2025-6-page-141?lang=fr&redirect-ssocas=7080 |
| 999 |
_c1539071 _d1539071 |
||